TRANSFORMING POWER (Record no. 7446)
[ view plain ]
| 000 -LEADER | |
|---|---|
| fixed length control field | 00391nam a22001337a 4500 |
| 005 - DATE AND TIME OF LATEST TRANSACTION | |
| control field | 20250903111312.0 |
| 008 - FIXED-LENGTH DATA ELEMENTS--GENERAL INFORMATION | |
| fixed length control field | 250903b |||||||| |||| 00| 0 eng d |
| 020 ## - INTERNATIONAL STANDARD BOOK NUMBER | |
| International Standard Book Number | 9964979592 |
| 050 ## - LIBRARY OF CONGRESS CALL NUMBER | |
| Classification number | BT 83 |
| Item number | .55 CIR |
| 245 ## - TITLE STATEMENT | |
| Title | TRANSFORMING POWER |
| Remainder of title | Women in the household of GOD |
| Statement of responsibility, etc. | Edited by MERCY AMBA ODUYOYE |
| 260 ## - PUBLICATION, DISTRIBUTION, ETC. | |
| Place of publication, distribution, etc. | ACCRA |
| Name of publisher, distributor, etc. | SAM-WOODE LIMITED |
| Date of publication, distribution, etc. | c1997 |
| 300 ## - PHYSICAL DESCRIPTION | |
| Extent | v, 209p.; |
| 942 ## - ADDED ENTRY ELEMENTS (KOHA) | |
| Source of classification or shelving scheme | Library of Congress Classification |
| Koha item type | Books |
| Suppress in OPAC | No |
| 999 ## - | |
| -- | 7446 |
| -- | 7446 |
| Withdrawn status | Lost status | Source of classification or shelving scheme | Damaged status | Not for loan | Collection | Home library | Current library | Shelving location | Date acquired | Total checkouts | Full call number | Barcode | Date last seen | Copy number | Price effective from | Koha item type |
|---|---|---|---|---|---|---|---|---|---|---|---|---|---|---|---|---|
| Library of Congress Classification | Non-fiction | Undergraduate Library (Christ Temple) | Undergraduate Library (Christ Temple) | General stacks | 09/03/2025 | BT 83.55 CIR | ulct00004602 | 09/03/2025 | 1 | 09/03/2025 | Books | |||||
| Library of Congress Classification | Non-fiction | Undergraduate Library (Christ Temple) | Undergraduate Library (Christ Temple) | General stacks | 09/12/2025 | BV639.W7 TRA | ulct00004726 | 09/12/2025 | 1 | 09/12/2025 | Books |